Villes de la Haute-Loire en images - Statistiques

Statistiques générales
  • Ce quiz a été pris 105 fois
  • Le résultat moyen est 7 sur 18
Statistiques - réponses
Par images Hint Réponse % Correct
(Le) P Le Puy-en-Velay
99%
Y Yssingeaux
93%
B Brioude
84%
P Polignac
82%
L Langeac
52%
(La) C La Chaise-Dieu
51%
M Monistrol-sur-Loire
49%
L Lavoûte-Chilhac
38%
A Allègre
33%
C Craponne-sur-Arzon
26%
D Dunières
26%
B Blesle
15%
L Lavaudieu
15%
P Pradelles
15%
S Saint-Paulien
14%
S Saint-Julien-Chapteuil
12%
A Arlempdes
11%
C Chavaniac-Lafayette
9%
Aucun quiz correspondant
Distribution des résultats
% des personnes avec chaque résultat
Percentile par nombre de réponses
Votre historique - résultats
Vous n’avez pas pris ce quiz